| 000 | 00652nam a2200205Ia 4500 | ||
|---|---|---|---|
| 001 | 23718 | ||
| 003 | GE_BSU | ||
| 008 | 181216s||||||||xx |||||||||||||| ||und|| | ||
| 040 | _cGE_BSU | ||
| 245 | _aСоциально-гуманитарные знания. №4 2018. | ||
| 245 | _bНаучно-образовательное издание | ||
| 245 | _cГл. ред.А.В.Миронов | ||
| 260 | _aмосква | ||
| 260 | _c2018г. | ||
| 300 | _a303 стр. 20 см | ||
| 653 | _aПериодика | ||
| 653 | _aСоциально-гуманитарные знания. №4 2018. | ||
| 653 | _aპერიოდიკა | ||
| 942 | _cCR | ||
| 999 |
_c56602 _d56602 |
||